Физико-химические закономерности химических процессов в космосе: пер. с нем.

Bibliographische Detailangaben
1. Verfasser: Аррениус С. А. Сванте Август
Sprache:Russisch
Veröffentlicht: Ленинград, Научное Химико-Техническое Издательство, 1924
Schlagworte:
Format: Buch
KOHA link:https://koha.lib.tpu.ru/cgi-bin/koha/opac-detail.pl?biblionumber=261164

MARC

LEADER 00000nam0a2200000 4500
001 261164
005 20231101233536.0
035 |a (RuTPU)RU\TPU\book\284140 
090 |a 261164 
100 |a 20140521d1924 km y0rusy50 ca 
101 1 |a rus  |c ger 
102 |a RU 
105 |a y z 001zy 
200 1 |a Физико-химические закономерности химических процессов в космосе  |e пер. с нем.  |f С. Аррениус 
210 |a Ленинград  |c Научное Химико-Техническое Издательство  |d 1924 
215 |a 29 с. 
320 |a Библиогр.: с. 27-29. 
606 1 |a Космическая химия  |2 stltpush  |3 (RuTPU)RU\TPU\subj\15782  |9 41992 
610 1 |a космос 
610 1 |a химические процессы 
610 1 |a физико-химические закономерности 
675 |a 52-36  |v 3 
700 1 |a Аррениус  |b С. А.  |c шведский химик  |c Нобелевский лауреат  |f 1859-1927  |g Сванте Август  |2 stltpush  |3 (RuTPU)RU\TPU\pers\7113  |9 1305 
801 1 |a RU  |b 63413507  |c 20140521 
801 2 |a RU  |b 63413507  |c 20161115  |g RCR 
942 |c BK